000 00920nam a2200241Ia 4500
001 632
003 GE_BSU
008 181216s||||||||xx |||||||||||||| ||und||
020 _a9994087770
040 _cGE_BSU
100 _aლაგაზიძე,ხათუნა
245 _aსახელმწიფო მართვის თეორიის საკითხები.
245 _bლექციების კურსი
245 _cრედ:რეხვიაშვილი,ი
260 _aთბილისი
260 _bგრიგოლ რობაქიძის სახ. უნ-ტის გამ-ბა
260 _c2006
300 _a199 გვ.
541 _h7 ლ.
653 _aსახელმწიფო მართვა
653 _aსახელმწიფო მართვის თეორიის საკითხები.
942 _cBK
999 _c34821
_d34821